01322cam a2200337 a 45000010008000000030005000080050017000130080041000300100017000710200041000880250015001290400018001440420010001620430021001720500025001930820016002181000017002342450065002512500012003162600090003283000042004184400047004604900032005075000176005395040064007156100027007796500023008066510047008297400070008768300038009463030638NUST20171019103819.0941013s1993 pk b 001 0 eng  a 94930057  a9694150337 :cRs150.00 ($22.00 U.S.) aP-E-027809 aDLCcDLCdDLC alcode aa-pk---aa-ii---00aDS480.45b.H338 1993 a954.03bNOO1 aHaq, Noor ul10aMaking of Pakistan, the military perspective /cNoor ul Haq. a1st ed. aIslamabad, Pakistan :bNational Institute of Historical and Cultural Research,c1993. axix, 332 p. :bmap (folded) ;c23 cm. 0aHistorical studies (Pakistan) series ;v111 aNIHCR publication ;vno. 81 aOriginally presented as the author's thesis (Ph. D.--Quaid-i-Azam University, Islamabad) under the title: Political and military perspectives of the struggle for Pakistan. aIncludes bibliographical references (p. 303-317) and index.10aIndia.bArmyxHistory. 0aPakistan movement. 0aIndiaxPolitics and governmenty1919-1947.0 aPolitical and military perspectives of the struggle for Pakistan. 0aN.I.H.C.R. publication ;vno. 81.